000
00323nam a22001337a 4500
008
230314b |||||||| |||| 00| 0 eng d
020
_a
978-81-315-0139-9
082
_a
658.3
100
_a
Snell and Bohlander
245
_a
Human Resource Management
260
_b
Centage Learning
300
_a
621 p.
_c
25 cm
942
_2
ddc
999
_c
9421
_d
9422